Management of small business / (Record no. 22887)

MARC details
000 -LEADER
fixed length control field 00878nam a22002297a 4500
005 - DATE AND TIME OF LATEST TRANSACTION
control field 20090413153829.0
008 - FIXED-LENGTH DATA ELEMENTS--GENERAL INFORMATION
fixed length control field 090203t xxu||||| |||| 00| 0 eng d
010 ## - LCCN (DPL NO)
LC control number ENG-92782
020 ## - INTERNATIONAL STANDARD BOOK NUMBER
Terms of availability 75.00
International Standard Book Number 9788190715522
035 ## - SYSTEM CONTROL NUMBER
System control number EN-76315
037 ## - SOURCE OF ACQUISITION
Source of stock number/acquisition DBAD / PUB
040 ## - CATALOGING SOURCE
Original cataloging agency dpl
Language of cataloging English
082 ## - DEWEY DECIMAL CLASSIFICATION NUMBER
Classification number 658.022
100 ## - MAIN ENTRY--PERSONAL NAME
Personal name Buvaneswaran, V.
245 ## - TITLE STATEMENT
Title Management of small business /
Statement of responsibility, etc by V Buvaneswaran
260 ## - PUBLICATION, DISTRIBUTION, ETC. (IMPRINT)
Place of publication, distribution, etc Tamil Nadu
Name of publisher, distributor, etc Global Publications
Date of publication, distribution, etc 2008
270 ## - ADDRESS
Address Department of Management Studies, Marudupandiyar College, Vallam (Post),
City Tamil Nadu
300 ## - PHYSICAL DESCRIPTION
Extent 160p.
Dimensions 24cm (pbk)
650 ## - SUBJECT ADDED ENTRY--TOPICAL TERM
Topical term or geographic name as entry element Small business
General subdivision Management.
942 ## - ADDED ENTRY ELEMENTS (KOHA)
Source of classification or shelving scheme Dewey Decimal Classification
Item type English Books
Call number suffix BUV
Classification part 658.022
Holdings
Withdrawn status Lost status Source of classification or shelving scheme Damaged status Not for loan Collection code Home library Current library Date acquired Source of acquisition Cost, normal purchase price Total Checkouts Full call number Barcode Date last seen Copy number Cost, replacement price Koha item type
    Dewey Decimal Classification   Not For Loan Non-fiction D.B.Act.Division D.B.Act.Division 03/02/2009 DBAD / PUB 75.00   658.022 BUV EN-76315 03/02/2009 1 75.00 English Books

© Delhi Public Library
Hit Counter
free hit counter